[Event "Oberliga Ost-A 1213"]
[Site "Germany"]
[Date "2013.01.13"]
[Round "5.3"]
[White "Schaller, Sven"]
[Black "Klawa, Patrick"]
[Result "1-0"]
[WhiteElo "2313"]
[BlackElo "2193"]
[PlyCount "71"]
[EventDate "2012.10.14"]
[EventType "team-tourn"]
[EventRounds "11"]
[EventCountry "GER"]
[SourceTitle "EXT 2014"]
[Source "ChessBase"]
[SourceDate "2013.11.20"]
[SourceVersion "1"]
[SourceVersionDate "2013.11.20"]
[SourceQuality "1"]
[WhiteTeam "Plauen Koenig"]
[BlackTeam "Coswig"]
[WhiteTeamCountry "GER"]
[BlackTeamCountry "GER"]

1. c4 f5 2. Nc3 Nf6 3. g3 g6 4. Bg2 Bg7 5. d3 Nc6 6. e4 d6 7. Nge2 Be6 8. Nd5 fxe4 9. dxe4 Ne5 10. Nd4 Bd7 11. Qb3 c5 12. Nf3 Nxd5 13. Nxe5 Bxe5 14. exd5 Qb6 15. h4 Qxb3 16. axb3 Bf5 17. Bh3 Be4 18. 0-0 Bf3 19. Bh6 Bxb2 20. Rae1 Bd4 21. Bg5 0-0 22. Bxe7 Rad8 23. Bxd8 Rxd8 24. Re7 b5 25. Bg2 Rf8 26. cxb5 Rf5 27. Kh2 Kf8 28. Rxa7 c4 29. Ra8+ Kg7 30. Bxf3 Rxf3 31. bxc4 Rc3 32. Rc8 Rc2 33. Rc7+ Kf6 34. Kg2 Bc5 35. Rxc5 dxc5 36. Rb1 1-0

[Event "Oberliga Ost-A 1213"]
[Site "Germany"]
[Date "2012.11.10"]
[Round "2.6"]
[White "Pesztericz, Laszlo"]
[Black "Schaller, Sven"]
[Result "1/2-1/2"]
[WhiteElo "2133"]
[BlackElo "2313"]
[PlyCount "161"]
[EventDate "2012.10.14"]
[EventType "team-tourn"]
[EventRounds "11"]
[EventCountry "GER"]
[SourceTitle "EXT 2014"]
[Source "ChessBase"]
[SourceDate "2013.11.20"]
[SourceVersion "1"]
[SourceVersionDate "2013.11.20"]
[SourceQuality "1"]
[WhiteTeam "Magdeburg Rochade"]
[BlackTeam "Plauen Koenig"]
[WhiteTeamCountry "GER"]
[BlackTeamCountry "GER"]

1. e4 c6 2. d4 d5 3. Nc3 dxe4 4. Nxe4 Bf5 5. Ng3 Bg6 6. Nf3 Nd7 7. Bd3 Qa5+ 8. c3 Ngf6 9. 0-0 e6 10. Re1 Bd6 11. Bg5 0-0 12. Bxg6 hxg6 13. Qe2 Rfe8 14. Bxf6 gxf6 15. Ne4 Bf8 16. Qc4 Rac8 17. Rad1 Qd5 18. Qa4 Qb5 19. Qc2 Be7 20. c4 Qa6 21. a3 f5 22. Ng3 c5 23. d5 exd5 24. cxd5 Bf6 25. h4 c4 26. h5 c3 27. hxg6 fxg6 28. bxc3 Rxe1+ 29. Rxe1 Rxc3 30. Qd2 Rd3 31. Qe2 Rxd5 32. Qe8+ Nf8 33. Rc1 Rd8 34. Qe3 Rd3 35. Qh6 Bg7 36. Qg5 Qf6 37. Qf4 Qd6 38. Qc4+ Qd5 39. Qa4 Qb3 40. Qf4 Rc3 41. Rxc3 Qxc3 42. Qd6 Qc6 43. Qb4 b5 44. Qa5 a6 45. Nf1 Bc3 46. Qd8 Qd7 47. Qb6 a5 48. Ne3 Ne6 49. Qa6 Kg7 50. Qa8 a4 51. Qa6 f4 52. Nf1 Nc5 53. Qb6 Ne4 54. Nh4 Bf6 55. Nf3 g5 56. Qb8 Nd6 57. Qa8 g4 58. N3d2 Bd4 59. Qd5 Bf6 60. Ne4 Be7 61. Qe5+ Kg8 62. Nc5 Qf5 63. Qxe7 Qxc5 64. Qe6+ Kf8 65. Qf6+ Nf7 66. Qxf4 Qxa3 67. Qb8+ Kg7 68. Qxb5 Qa1 69. Qf5 Ne5 70. Kh2 a3 71. Ng3 a2 72. Nh5+ Kh6 73. Nf4 Qc3 74. Qh5+ Kg7 75. Ne6+ Kf6 76. Nf4 Nf3+ 77. gxf3 Qe5 78. Qh8+ Kf5 79. Qh5+ Kf6 80. Qh8+ Kf5 81. Qh5+ 1/2-1/2

[Event "BL2-Ost 1011"]
[Site "Germany"]
[Date "2010.10.24"]
[Round "2.5"]
[White "Schmidt, Georg"]
[Black "Schaller, Sven"]
[Result "1-0"]
[WhiteElo "2362"]
[BlackElo "2293"]
[PlyCount "67"]
[EventDate "2010.10.10"]
[EventType "team-tourn"]
[EventRounds "9"]
[EventCountry "GER"]
[SourceTitle "EXT 2012"]
[Source "ChessBase"]
[SourceDate "2011.11.24"]
[SourceVersion "1"]
[SourceVersionDate "2011.11.24"]
[SourceQuality "1"]
[WhiteTeam "Muenchen Tarrasch"]
[BlackTeam "Koenig Plauen"]
[WhiteTeamCountry "GER"]
[BlackTeamCountry "GER"]

1. e4 c6 2. d4 d5 3. exd5 cxd5 4. c4 Nf6 5. Nc3 e6 6. Nf3 Be7 7. cxd5 Nxd5 8. Bc4 Nxc3 9. bxc3 Nc6 10. 0-0 Bd7 11. Qe2 Rc8 12. Bd3 0-0 13. Rb1 Na5 14. Bd2 b6 15. Ne5 Nc6 16. f4 g6 17. Rf3 Bf6 18. Rbf1 Ne7 19. Rh3 Bc6 20. Nxc6 Rxc6 21. g4 Qc8 22. f5 exf5 23. gxf5 Rxc3 24. Bxc3 Qxc3 25. fxg6 Qxd4+ 26. Kh1 fxg6 27. Rhf3 Nf5 28. Bxf5 gxf5 29. Qe6+ Kg7 30. Rxf5 Qc3 31. R5f3 Qd4 32. Rg1+ Qxg1+ 33. Kxg1 Bd4+ 34. Kg2 1-0

[Event "BL2-Ost 0910"]
[Site "Germany"]
[Date "2010.03.01"]
[Round "7.3"]
[White "Schaller, Sven"]
[Black "Gaponenko, Inna"]
[Result "0-1"]
[WhiteElo "2289"]
[BlackElo "2438"]
[PlyCount "76"]
[EventDate "2009.10.18"]
[EventType "team-tourn"]
[EventRounds "9"]
[EventCountry "GER"]
[SourceTitle "EXT 2011"]
[Source "ChessBase"]
[SourceDate "2010.11.26"]
[SourceVersion "1"]
[SourceVersionDate "2010.11.26"]
[SourceQuality "1"]
[WhiteTeam "Plauen Koenig"]
[BlackTeam "Aue Nickelhuette"]
[WhiteTeamCountry "GER"]
[BlackTeamCountry "GER"]

1. c4 e5 2. g3 c6 3. d4 e4 4. Qa4 Na6 5. Nc3 Bb4 6. Bg2 Nf6 7. Bg5 h6 8. Bxf6 Qxf6 9. e3 0-0 10. Nge2 d5 11. a3 Bxc3+ 12. Nxc3 Nc7 13. Rc1 Qd8 14. cxd5 cxd5 15. 0-0 b6 16. f3 exf3 17. Bxf3 Bb7 18. Qc2 Qg5 19. Rce1 Rae8 20. Nd1 Re7 21. Qg2 Rfe8 22. Be2 Qg6 23. g4 Bc6 24. h4 Ba4 25. Qg3 Bxd1 26. Bxd1 Qd3 27. Rf3 Nb5 28. Be2 Qb3 29. g5 hxg5 30. Bxb5 Qxb5 31. Qxg5 Qd3 32. Qxd5 Re6 33. h5 R8e7 34. Qg5 Qd2 35. Qg3 Qxb2 36. Qb8+ Kh7 37. Rg3 Qd2 38. Kf1 Rf6+ 0-1

[Event "BL2-Ost 0809"]
[Site "Germany"]
[Date "2009.03.01"]
[Round "7.5"]
[White "Nazarenus, Moritz"]
[Black "Schaller, Sven"]
[Result "1/2-1/2"]
[WhiteElo "2215"]
[BlackElo "2290"]
[PlyCount "84"]
[EventDate "2008.10.05"]
[EventType "team-tourn"]
[EventRounds "9"]
[EventCountry "GER"]
[SourceTitle "CBM 129 Extra"]
[Source "ChessBase"]
[SourceDate "2009.05.05"]
[SourceVersion "2"]
[SourceVersionDate "2009.05.20"]
[SourceQuality "1"]
[WhiteTeam "Schoeneck"]
[BlackTeam "Plauen Koenig"]
[WhiteTeamCountry "GER"]
[BlackTeamCountry "GER"]

1. d4 Nf6 2. c4 e6 3. Nf3 b6 4. a3 Bb7 5. Nc3 Ne4 6. Nxe4 Bxe4 7. Nd2 Bb7 8. e4 d5 9. cxd5 exd5 10. e5 Be7 11. Bd3 0-0 12. Qe2 c5 13. f4 a5 14. 0-0 Ba6 15. Bxa6 Rxa6 16. Rf3 f5 17. a4 Ra7 18. Rf1 Nc6 19. Nf3 Nb4 20. b3 Qd7 21. Bd2 Qe6 22. Rac1 Rc7 23. Qb5 Qc6 24. Qxc6 Rxc6 25. Bxb4 axb4 26. Rc2 Rfc8 27. dxc5 Bxc5+ 28. Kh1 Be3 29. Rxc6 Rxc6 30. g3 Rc3 31. Rd1 Bxf4 32. gxf4 Rxf3 33. Rxd5 Kf7 34. Rd7+ Kf8 35. Rd6 Rxb3 36. Rxb6 Rb2 37. Rb7 b3 38. a5 Ra2 39. Rxb3 Rxa5 40. Kg2 Ra2+ 41. Kg3 Re2 42. Rb7 Re3+ 1/2-1/2

[Event "BL2-Ost 0809"]
[Site "Germany"]
[Date "2008.12.14"]
[Round "4.4"]
[White "Dauth, Benjamin"]
[Black "Schaller, Sven"]
[Result "1-0"]
[WhiteElo "2265"]
[BlackElo "2290"]
[PlyCount "97"]
[EventDate "2008.10.05"]
[EventType "team-tourn"]
[EventRounds "9"]
[EventCountry "GER"]
[SourceTitle "CBM 129 Extra"]
[Source "ChessBase"]
[SourceDate "2009.05.05"]
[SourceVersion "2"]
[SourceVersionDate "2009.05.20"]
[SourceQuality "1"]
[WhiteTeam "Pankow Rotation"]
[BlackTeam "Plauen Koenig"]
[WhiteTeamCountry "GER"]
[BlackTeamCountry "GER"]

1. e4 c5 2. c3 Nf6 3. e5 Nd5 4. d4 cxd4 5. Qxd4 e6 6. Nf3 Nc6 7. Qe4 f5 8. exf6 Nxf6 9. Qh4 Qa5 10. Nbd2 Qh5 11. Qxh5+ Nxh5 12. Nc4 b5 13. Nce5 Nxe5 14. Nxe5 Bd6 15. Be2 Nf6 16. Bf4 0-0 17. Bf3 Nd5 18. Bg3 Bxe5 19. Bxe5 Bb7 20. 0-0 Bc6 21. Bd6 Rf6 22. a4 bxa4 23. c4 Rxf3 24. gxf3 Nb6 25. Rfc1 Bxf3 26. c5 Nc8 27. Rxa4 Nxd6 28. cxd6 Bc6 29. Ra5 a6 30. Rca1 Bb7 31. Rc5 Kf7 32. b4 Bc6 33. b5 axb5 34. Rxa8 Bxa8 35. Rxb5 Kf6 36. f4 h6 37. Rb8 Bc6 38. Rf8+ Kg6 39. Kf2 Kh5 40. Rc8 Ba4 41. Ke3 g5 42. Ke4 gxf4 43. Kxf4 Kg6 44. Ke5 Kf7 45. h4 Kg7 46. h5 Kf7 47. Rh8 Bd1 48. Rh7+ Ke8 49. Kf6 1-0

[Event "BL2-Ost 0809"]
[Site "Germany"]
[Date "2008.10.26"]
[Round "2.5"]
[White "Schaller, Sven"]
[Black "Schunk, Eduard"]
[Result "0-1"]
[WhiteElo "2290"]
[BlackElo "2330"]
[PlyCount "78"]
[EventDate "2008.10.05"]
[EventType "team-tourn"]
[EventRounds "9"]
[EventCountry "GER"]
[SourceTitle "CBM 129 Extra"]
[Source "ChessBase"]
[SourceDate "2009.05.05"]
[SourceVersion "2"]
[SourceVersionDate "2009.05.20"]
[SourceQuality "1"]
[WhiteTeam "Plauen Koenig"]
[BlackTeam "Bindlach"]
[WhiteTeamCountry "GER"]
[BlackTeamCountry "GER"]

1. Nf3 Nf6 2. g3 g6 3. Bg2 Bg7 4. 0-0 0-0 5. c4 d6 6. d4 a6 7. Nc3 Nc6 8. Qd3 Nd7 9. e4 e5 10. d5 Ne7 11. Be3 Nc5 12. Qd2 f5 13. exf5 Nxf5 14. Bg5 Qe8 15. b4 Na4 16. Nxa4 Qxa4 17. Nh4 Nd4 18. Rac1 a5 19. b5 Qb4 20. Qd3 Qb2 21. Bd2 Qxa2 22. f4 exf4 23. gxf4 Bg4 24. Nf3 Bf5 25. Qe3 Nb3 26. Rce1 Qb2 27. Rf2 Nxd2 28. Rxd2 Qc3 29. Qe7 Rf7 30. Qe2 Bg4 31. Kh1 Rxf4 32. Rd3 Qxc4 33. h3 Bf5 34. Ra3 Qxe2 35. Rxe2 Bf6 36. Nd2 Rb4 37. Ne4 Rb1+ 38. Kh2 Be5+ 39. Ng3 Rxb5 0-1

[Event "Oberliga Ost-A 0607"]
[Site "Germany"]
[Date "2007.04.22"]
[Round "11.3"]
[White "Schaller, Sven"]
[Black "Neukirch, Detlef"]
[Result "1/2-1/2"]
[WhiteElo "2279"]
[BlackElo "2294"]
[PlyCount "24"]
[EventDate "2006.10.15"]
[EventType "team-tourn"]
[EventRounds "11"]
[EventCountry "GER"]
[SourceTitle "EXT 2008"]
[Source "ChessBase"]
[SourceDate "2007.11.25"]
[SourceVersion "1"]
[SourceVersionDate "2007.11.25"]
[SourceQuality "1"]
[WhiteTeam "Plauen Koenig"]
[BlackTeam "Halle USV"]
[WhiteTeamCountry "GER"]
[BlackTeamCountry "GER"]

1. c4 e5 2. Nc3 Nf6 3. g3 Bb4 4. Bg2 0-0 5. e3 Bxc3 6. dxc3 d6 7. e4 Nbd7 8. Qc2 a6 9. Nf3 b5 10. Nd2 Bb7 11. 0-0 Nc5 12. f3 Qe7 1/2-1/2

[Event "Oberliga Ost-A 0607"]
[Site "Germany"]
[Date "2007.02.25"]
[Round "7.4"]
[White "Schaller, Sven"]
[Black "Kunze, Carlo"]
[Result "1/2-1/2"]
[WhiteElo "2279"]
[BlackElo "2312"]
[PlyCount "29"]
[EventDate "2006.10.15"]
[EventType "team-tourn"]
[EventRounds "11"]
[EventCountry "GER"]
[SourceTitle "EXT 2008"]
[Source "ChessBase"]
[SourceDate "2007.11.25"]
[SourceVersion "1"]
[SourceVersionDate "2007.11.25"]
[SourceQuality "1"]
[WhiteTeam "Plauen Koenig"]
[BlackTeam "Chemnitz"]
[WhiteTeamCountry "GER"]
[BlackTeamCountry "GER"]

1. d4 d5 2. g3 Nf6 3. Bg2 Bf5 4. c4 c6 5. cxd5 cxd5 6. Nc3 Nc6 7. Nf3 e6 8. Qa4 a6 9. Ne5 Rc8 10. 0-0 Be7 11. Bg5 0-0 12. Rac1 Qd6 13. Bf4 Qb4 14. Nxc6 Rxc6 15. Qxb4 1/2-1/2

[Event "Oberliga Ost-A 0607"]
[Site "Germany"]
[Date "2007.02.04"]
[Round "5.3"]
[White "Schaller, Sven"]
[Black "Hoffmeyer, Falk"]
[Result "0-1"]
[WhiteElo "2279"]
[BlackElo "2257"]
[PlyCount "98"]
[EventDate "2006.10.15"]
[EventType "team-tourn"]
[EventRounds "11"]
[EventCountry "GER"]
[SourceTitle "EXT 2008"]
[Source "ChessBase"]
[SourceDate "2007.11.25"]
[SourceVersion "1"]
[SourceVersionDate "2007.11.25"]
[SourceQuality "1"]
[WhiteTeam "Plauen Koenig"]
[BlackTeam "Magdeburg Rochade"]
[WhiteTeamCountry "GER"]
[BlackTeamCountry "GER"]

1. e4 g6 2. Nf3 Bg7 3. d4 c6 4. Nc3 d5 5. h3 Nf6 6. Bd3 dxe4 7. Nxe4 Nxe4 8. Bxe4 Nd7 9. 0-0 0-0 10. Bg5 Re8 11. Qd2 Qb6 12. Rfe1 c5 13. Bd5 Nf6 14. Bb3 cxd4 15. Ne5 Be6 16. Bxe6 fxe6 17. Nc4 Qc5 18. Qe2 Qxg5 19. Qxe6+ Kh8 20. Ne5 Rf8 21. Qxe7 Qf5 22. g4 Qf4 23. Qe6 Ng8 24. Nd3 Qf3 25. Kh2 Nf6 26. g5 Nd5 27. Qe4 Qxe4 28. Rxe4 Rac8 29. Rc1 Rfe8 30. Rxe8+ Rxe8 31. Kg3 Kg8 32. Kf3 Kf7 33. Rd1 b6 34. Rd2 a5 35. a3 Nc7 36. Rd1 Ne6 37. h4 Nc5 38. Nf4 Na4 39. b3 Nc3 40. Rd3 Be5 41. Ng2 Ke6 42. Ne1 Rf8+ 43. Kg2 Rf4 44. Rh3 Re4 45. Kf1 Nd5 46. Nd3 Nf4 47. Nxf4+ Rxf4 48. a4 Rf7 49. Ke2 Rc7 0-1

[Event "Bundesliga 0102"]
[Site "Germany"]
[Date "2002.04.13"]
[Round "12.7"]
[White "Naumann, Alexander"]
[Black "Schaller, Sven"]
[Result "1/2-1/2"]
[WhiteElo "2480"]
[BlackElo "2301"]
[PlyCount "43"]
[EventDate "2001.10.06"]
[EventType "team-tourn"]
[EventRounds "15"]
[EventCountry "GER"]
[SourceTitle "EXT 2003"]
[Source "ChessBase"]
[SourceDate "2002.11.25"]
[SourceVersion "1"]
[SourceVersionDate "2002.11.25"]
[SourceQuality "1"]
[WhiteTeam "Solingen"]
[BlackTeam "Koenig Plauen"]
[WhiteTeamCountry "GER"]
[BlackTeamCountry "GER"]

1. d4 e6 2. c4 Nf6 3. g3 Bb4+ 4. Bd2 Be7 5. Bg2 d5 6. Qc2 c6 7. Nf3 Ne4 8. 0-0 Nd7 9. Nc3 Nxc3 10. Bxc3 b5 11. b3 Ba6 12. Nd2 bxc4 13. bxc4 Nb6 14. Ba5 Qd7 15. c5 Nc4 16. Nxc4 Bxc4 17. Rfb1 0-0 18. e3 Bf6 19. f4 Rfb8 20. Rb2 Rxb2 21. Qxb2 Qc8 22. Bf1 1/2-1/2